[Event "Campionatul National de sah al Romaniei"]
[Site "Baile Felix"]
[Date "2017.02.07"]
[Round "7.9"]
[White "Vasilescu, Rares-Cristian"]
[Black "Olariu, Luca-Stefan"]
[Result "0-1"]
[WhiteElo "1565"]
[BlackElo "2072"]
[PlyCount "120"]
[EventDate "2017.02.02"]
[EventRounds "9"]

1. d4 Nf6 2. Nf3 c5 3. dxc5 e6 4. Bf4 Bxc5 5. e3 d5 6. Nbd2 Nc6 7. Nb3 Be7 8.
Be2 O-O 9. O-O Nh5 10. Bg3 Nxg3 11. hxg3 e5 12. c4 dxc4 13. Bxc4 Qb6 14. Qd2
Bg4 15. Nh2 Bf5 16. Qe2 Rac8 17. e4 Bg6 18. Rfd1 Rfd8 19. Bb5 Bxe4 20. Bxc6
Bxc6 21. Qxe5 Bf6 22. Rxd8+ Rxd8 23. Qe2 Bb5 24. Qc2 Bd3 25. Qc5 Bxb2 26. Qxb6
axb6 27. Rd1 Bf6 28. Ng4 Be7 29. Ne5 Bf5 30. Rxd8+ Bxd8 31. Nc4 Bb1 32. a3 Be4
33. Nd6 Bd5 34. Nd4 Kf8 35. N6f5 Bf6 36. Ne3 Bxg2 37. Kxg2 Bxd4 38. Nc4 Ke7 39.
Kf3 Ke6 40. Ke2 Kd5 41. Nd2 b5 42. f3 Bb2 43. Nb1 Kc4 44. Nd2+ Kc3 45. Ne4+ Kc2
46. Nd6 Be5 47. Nxb5 Bxg3 48. Ke3 Bb8 49. Ke4 Kb3 50. Kd3 h5 51. Nd4+ Kxa3 52.
Ne2 h4 53. Ng1 b5 54. Kc2 Ka2 55. Kc3 Bd6 56. Nh3 b4+ 57. Kc4 b3 58. Kd5 Bg3
59. f4 b2 60. Kd6 b1=Q 0-1

[Event "Campionatul National de sah al Romaniei"]
[Site "Baile Felix"]
[Date "2017.02.06"]
[Round "6.3"]
[White "Olariu, Luca-Stefan"]
[Black "Bulau, Andrei-Cristian"]
[Result "0-1"]
[WhiteElo "2072"]
[BlackElo "2041"]
[PlyCount "144"]
[EventDate "2017.02.02"]
[EventRounds "9"]

1. d4 d5 2. c4 e6 3. Nc3 c6 4. cxd5 exd5 5. Qc2 Na6 6. a3 Bd6 7. Nf3 Nc7 8. e4
dxe4 9. Nxe4 Be7 10. Bd3 h6 11. O-O Nf6 12. Qe2 Ncd5 13. Re1 Be6 14. Nxf6+ Nxf6
15. Ne5 O-O 16. Ng6 Re8 17. Nxe7+ Qxe7 18. Bf4 Qd7 19. Be5 Bf5 20. Qc2 Bxd3 21.
Qxd3 Nd5 22. Qd2 Re6 23. Bg3 Rae8 24. Re5 f6 25. Rxe6 Qxe6 26. Kf1 Kf7 27. Re1
Qxe1+ 28. Qxe1 Rxe1+ 29. Kxe1 Ke6 30. Ke2 Ne7 31. Kd3 Kd5 32. Bb8 a6 33. Ba7
Nc8 34. Bc5 Nd6 35. f3 g6 36. b3 Nf5 37. g3 Nd6 38. Bb6 Nf7 39. Ke3 f5 40. Bc7
Nd6 41. Bb6 Nf7 42. Bc5 Ng5 43. Be7 Ne6 44. Bf6 a5 45. a4 c5 46. dxc5 Nxc5 47.
Bg7 h5 48. Bc3 Nxb3 49. Kf4 Ke6 50. Kg5 Kf7 51. Kf4 b6 52. Ke5 Nc5 53. Kd6 Nxa4
54. Bd4 b5 55. Kc6 b4 56. Kb5 Nc3+ 57. Kxa5 Ne2 58. Bb2 Ng1 59. Kxb4 Nxf3 60.
h3 Ng1 61. h4 Ne2 62. Be5 Ke6 63. Bc7 Kd5 64. Kb5 Ke4 65. Kc6 Kf3 66. Kd7 Nxg3
67. Ke6 Ne4 68. Kf7 g5 69. Kg6 Kg4 70. hxg5 Nxg5 71. Be5 h4 72. Bh2 Nf3 0-1

[Event "Campionatul National de sah al Romaniei"]
[Site "Baile Felix"]
[Date "2017.02.05"]
[Round "4.2"]
[White "Mihai, Cristian"]
[Black "Olariu, Luca-Stefan"]
[Result "1/2-1/2"]
[WhiteElo "1798"]
[BlackElo "2072"]
[PlyCount "71"]
[EventDate "2017.02.02"]
[EventRounds "9"]

1. d4 Nf6 2. c4 c5 3. d5 e6 4. Nc3 exd5 5. cxd5 d6 6. e4 g6 7. h3 Bg7 8. Nf3
O-O 9. Bd3 b5 10. Nxb5 Re8 11. O-O Nxe4 12. Re1 Nf6 13. Rxe8+ Nxe8 14. Bg5 Bf6
15. Qd2 a6 16. Nc3 Nd7 17. Re1 Ne5 18. Ne4 Nxf3+ 19. gxf3 Bxg5 20. Qxg5 Bxh3
21. Qxd8 Rxd8 22. Ng5 Bd7 23. Bxa6 h6 24. Ne4 Rb8 25. Re2 f5 26. Nc3 Kf7 27. b3
Nc7 28. Bc4 Nb5 29. Bxb5 Bxb5 30. Re6 c4 31. Nxb5 Rxb5 32. bxc4 Rc5 33. Rxd6
Rxc4 34. Ra6 Rc5 35. Ra7+ Kf6 36. Ra6+ 1/2-1/2

[Event "Campionatul National de sah al Romaniei"]
[Site "Baile Felix"]
[Date "2017.02.05"]
[Round "5.2"]
[White "Olariu, Luca-Stefan"]
[Black "Ghimpu, Samuel-Timotei"]
[Result "0-1"]
[WhiteElo "2072"]
[BlackElo "1945"]
[PlyCount "33"]
[EventDate "2017.02.02"]
[EventRounds "9"]

1. d4 Nf6 2. c4 e6 3. Nc3 Bb4 4. e3 b6 5. Bd3 Bb7 6. Nf3 O-O 7. O-O Bxc3 8.
bxc3 d6 9. c5 dxc5 10. dxc5 Nbd7 11. cxb6 axb6 12. Bb5 c5 13. Qe2 Nb8 14. Bb2
Na6 15. Bxa6 Rxa6 16. Rfd1 Qa8 17. c4 {(indescifrabil)} 0-1

[Event "Campionatul National de sah al Romaniei"]
[Site "Baile Felix"]
[Date "2017.02.04"]
[Round "3.2"]
[White "Olariu, Luca-Stefan"]
[Black "Secrieru, Andrei-Cristian"]
[Result "1-0"]
[WhiteElo "2072"]
[BlackElo "1884"]
[PlyCount "53"]
[EventDate "2017.02.02"]
[EventRounds "9"]

1. d4 Nf6 2. c4 e6 3. Nc3 Bb4 4. e3 b6 5. Bd3 Bb7 6. Nf3 Ne4 7. Qc2 f5 8. a3
Bxc3+ 9. bxc3 d6 10. O-O Nd7 11. Nd2 Ndf6 12. f3 Nxd2 13. Bxd2 c5 14. d5 exd5
15. cxd5 Bxd5 16. Bb5+ Kf7 17. Qxf5 a6 18. Bd3 Qd7 19. Qg5 Bb7 20. Rab1 b5 21.
c4 bxc4 22. Bxc4+ d5 23. Ba2 Rhf8 24. Bc3 Kg8 25. Bxf6 Rxf6 26. Rxb7 Qxb7 27.
Bxd5+ 1-0

[Event "Campionatul National de sah al Romaniei"]
[Site "Baile Felix"]
[Date "2017.02.03"]
[Round "2.3"]
[White "Traila, Alexandru-Irinel"]
[Black "Olariu, Luca-Stefan"]
[Result "0-1"]
[WhiteElo "1801"]
[BlackElo "2072"]
[PlyCount "94"]
[EventDate "2017.02.02"]
[EventRounds "9"]

1. e4 c5 2. Nf3 Nc6 3. Bb5 e6 4. Bxc6 dxc6 5. d3 Ne7 6. Be3 Ng6 7. Nbd2 e5 8.
h3 f6 9. Nb3 b6 10. c3 Be6 11. d4 cxd4 12. cxd4 Bb4+ 13. Nbd2 O-O 14. O-O Bd6
15. Rc1 Qd7 16. Nc4 Bc7 17. dxe5 fxe5 18. Ng5 h6 19. Nxe6 Qxe6 20. Qe2 Nf4 21.
Bxf4 exf4 22. f3 b5 23. Nd2 Bb6+ 24. Kh1 Qxa2 25. Nb1 Qe6 26. Qc2 Rac8 27. Nc3
Rfd8 28. Rcd1 a6 29. Ne2 Be3 30. Rd3 Rd7 31. Rxd7 Qxd7 32. Rd1 Qe7 33. Kh2 a5
34. Rd3 Rc7 35. Qd1 a4 36. Rd8+ Kh7 37. Qd3 Qe5 38. Rf8 Bf2 39. Qd8 Bg3+ 40.
Kh1 Qe7 41. Rh8+ Kg6 42. Qg8 Qf6 43. Qe8+ Qf7 44. Nxg3 Qxe8 45. Rxe8 fxg3 46.
Re6+ Kf7 47. Rd6 b4 0-1

[Event "Campionatul National de sah al Romaniei"]
[Site "Baile Felix"]
[Date "2017.02.02"]
[Round "1.3"]
[White "Olariu, Luca-Stefan"]
[Black "Denes, Attila-Norbert"]
[Result "1-0"]
[WhiteElo "2072"]
[BlackElo "1556"]
[PlyCount "95"]
[EventDate "2017.02.02"]
[EventRounds "9"]

1. d4 d5 2. c4 e6 3. Nc3 Nf6 4. cxd5 exd5 5. Bg5 Be7 6. Qc2 h6 7. Bf4 O-O 8.
Nf3 c5 9. e3 cxd4 10. Nxd4 Nc6 11. Nxc6 bxc6 12. Be2 Bd6 13. Bxd6 Qxd6 14. O-O
Qe5 15. h3 Qg5 16. Kh1 Bb7 17. Na4 Rae8 18. Nc5 Bc8 19. Qa4 Ne4 20. Qxc6 Nxc5
21. Qxc5 Re4 22. Bf3 Re5 23. Qxa7 h5 24. Qd4 Rf5 25. Rfd1 Rxf3 26. gxf3 Qf5 27.
Qxd5 Qxh3+ 28. Kg1 g5 29. Qxg5+ Kh7 30. Rd8 f6 31. Qd5 Be6 32. Qe4+ Kg7 33.
Rxf8 Kxf8 34. Rc1 Bf5 35. Qf4 Bd7 36. Qxf6+ Ke8 37. Rc5 Qe6 38. Re5 Qxe5 39.
Qxe5+ Kd8 40. f4 h4 41. f5 h3 42. f6 h2+ 43. Kxh2 Be6 44. Qxe6 Kc7 45. f7 Kd8
46. f8=R+ Kc7 47. Rf7+ Kd8 48. Qd7# 1-0

[Event "Campionatul National de sah clasic-2016"]
[Site "Calimanesti-Caciulata"]
[Date "2016.04.25"]
[Round "9.9"]
[White "Ungureanu, Alexandru-Daniel"]
[Black "Olariu, Luca-Stefan"]
[Result "1/2-1/2"]
[WhiteElo "1605"]
[BlackElo "1770"]
[PlyCount "99"]
[EventDate "2016.04.18"]
[EventRounds "9"]

1. d4 d5 2. g3 Nf6 3. Bg2 e6 4. Nf3 Be7 5. O-O O-O 6. c4 c6 7. cxd5 exd5 8. Nc3
Bf5 9. Qb3 Qc8 10. Bf4 Nbd7 11. Rac1 Nb6 12. Ne5 Bh3 13. a4 Bxg2 14. Kxg2 Nfd7
15. a5 Nxe5 16. axb6 Nc4 17. bxa7 Rxa7 18. e4 g5 19. exd5 Na5 20. Qb6 Ra6 21.
Qc7 gxf4 22. Qxe7 f3+ 23. Kxf3 cxd5 24. Qg5+ Rg6 25. Nxd5 Rxg5 26. Ne7+ Kg7 27.
Rxc8 Nc6 28. Rxf8 Nxd4+ 29. Kf4 Ne6+ 30. Ke4 Kxf8 31. Nf5 Nc5+ 32. Kf4 Ne6+ 33.
Ke5 Ng7 34. g4 Rxg4 35. Ng3 Rb4 36. Rb1 Rc4 37. Ne4 Rc2 38. b3 Ke7 39. Kd4 f5
40. Kd3 Ra2 41. Nd2 Ne6 42. Ke3 f4+ 43. Kd3 Nc5+ 44. Kc3 Ra6 45. Re1+ Kf7 46.
Re5 Ne6 47. Rb5 Rc6+ 48. Nc4 Nd8 49. Rf5+ Ke6 50. Rh5 1/2-1/2

[Event "Campionatul National de sah clasic-2016"]
[Site "Calimanesti-Caciulata"]
[Date "2016.04.24"]
[Round "8.3"]
[White "Talu, Mircea"]
[Black "Olariu, Luca-Stefan"]
[Result "1-0"]
[WhiteElo "1897"]
[BlackElo "1770"]
[PlyCount "117"]
[EventDate "2016.04.18"]
[EventRounds "9"]

1. e4 c5 2. Nf3 Nc6 3. Bb5 g6 4. Bxc6 dxc6 5. d3 Bg7 6. O-O e5 7. h3 Qe7 8. Bg5
Nf6 9. Nbd2 h6 10. Be3 Nh5 11. Nb3 b6 12. Qd2 g5 13. Qc3 Qf6 14. Nxc5 O-O 15.
Nb3 Nf4 16. Bxf4 Qxf4 17. Qd2 Qf6 18. d4 exd4 19. e5 Qg6 20. Nbxd4 c5 21. Nb5
g4 22. hxg4 Bxg4 23. Nh2 Bxe5 24. Nxg4 Qxg4 25. Qxh6 Bxb2 26. Rae1 Bg7 27. Qh2
Rfe8 28. Nc7 Rxe1 29. Rxe1 Rd8 30. Qh3 Qxh3 31. gxh3 Kf8 32. a4 Bc3 33. Re3
Rd1+ 34. Kg2 Bd4 35. Rf3 Re1 36. Nb5 Bg7 37. Nxa7 Re2 38. Nc8 Rxc2 39. Nxb6 Rb2
40. Nd7+ Ke7 41. Nxc5 Bd4 42. Nb3 Bxf2 43. Rxf2 Rxb3 44. Ra2 Rb6 45. a5 Ra6 46.
Kf3 Kf6 47. Kf4 Kg6 48. Ke5 Kg5 49. Kd5 Kh4 50. Ra3 f6 51. Kc5 f5 52. Kb5 Rf6
53. a6 f4 54. a7 Rf8 55. a8=Q Rxa8 56. Rxa8 Kxh3 57. Kc4 f3 58. Kd3 Kg2 59.
Rg8+ 1-0

[Event "Campionatul National de sah clasic-2016"]
[Site "Calimanesti-Caciulata"]
[Date "2016.04.23"]
[Round "7.7"]
[White "Olariu, Luca-Stefan"]
[Black "Kelemen, Norbert"]
[Result "1-0"]
[WhiteElo "1770"]
[BlackElo "1652"]
[PlyCount "57"]
[EventDate "2016.04.18"]
[EventRounds "9"]

1. e4 e5 2. Nf3 Nc6 3. Bc4 Bc5 4. c3 d6 5. d4 exd4 6. cxd4 Bb4+ 7. Nc3 Bg4 8.
O-O Bxc3 9. bxc3 a6 10. Qb3 Na5 11. Bxf7+ Kf8 12. Qa4 Bxf3 13. gxf3 Kxf7 14.
Qxa5 b6 15. Qd5+ Ke8 16. Bg5 Ne7 17. Bxe7 Kxe7 18. e5 Kd7 19. exd6 cxd6 20.
Rfe1 Re8 21. Rxe8 Kxe8 22. Qg8+ Kd7 23. Qxg7+ Kc6 24. Re1 Rc8 25. Re7 Kb5 26.
Re3 Rc7 27. Qg4 Qf6 28. Qe4 Qh6 29. Qd5+ 1-0

[Event "Campionatul National de sah clasic-2016"]
[Site "Calimanesti-Caciulata"]
[Date "2016.04.22"]
[Round "6.11"]
[White "Olariu, Luca-Stefan"]
[Black "Mihai, Serban-Catalin"]
[Result "1-0"]
[WhiteElo "1770"]
[BlackElo "1284"]
[PlyCount "81"]
[EventDate "2016.04.18"]
[EventRounds "9"]

1. e4 d5 2. exd5 Nf6 3. Bb5+ c6 4. dxc6 Nxc6 5. d4 Bd7 6. d5 Ne5 7. Be2 Bg4 8.
Bxg4 Nexg4 9. h3 Ne5 10. Nc3 g6 11. Bf4 Nc4 12. Qd3 Rc8 13. b3 Nd6 14. Nge2 Bg7
15. Rd1 O-O 16. O-O Nh5 17. Bxd6 Qxd6 18. Ne4 Qc7 19. c4 f5 20. Ng5 Qd7 21. Ne6
Rf6 22. g4 Rxe6 23. dxe6 Qxd3 24. Rxd3 fxg4 25. hxg4 Nf6 26. g5 Ne4 27. Rd7 Rb8
28. Rxe7 Nxg5 29. Rd1 Bf8 30. Red7 Nxe6 31. Nc3 Bc5 32. Ne4 Rf8 33. Nxc5 Nxc5
34. Rd8 h5 35. Rxf8+ Kxf8 36. b4 Na6 37. Rd7 Nxb4 38. Rxb7 Nxa2 39. c5 Nc3 40.
c6 Ke8 41. Rb8+ 1-0

[Event "Campionatul National de sah clasic-2016"]
[Site "Calimanesti-Caciulata"]
[Date "2016.04.21"]
[Round "5.15"]
[White "Lungu, Cristian"]
[Black "Olariu, Luca-Stefan"]
[Result "0-1"]
[WhiteElo "1512"]
[BlackElo "1770"]
[PlyCount "66"]
[EventDate "2016.04.18"]
[EventRounds "9"]

1. d4 Nf6 2. c4 c5 3. d5 e6 4. Nc3 exd5 5. cxd5 d6 6. e4 g6 7. Bg5 Bg7 8. f4
Nbd7 9. Nf3 Qa5 10. Bd3 O-O 11. O-O c4 12. Bc2 Qb6+ 13. Kh1 Qxb2 14. Qd2 Qb6
15. e5 dxe5 16. fxe5 Ng4 17. Be7 Re8 18. d6 Ndxe5 19. Nd5 Qc6 20. Rab1 Nxf3 21.
Rxf3 Be6 22. Nb4 Qd7 23. Qd1 Rxe7 24. dxe7 Qxe7 25. Nd5 Qh4 26. h3 Nf2+ 27.
Rxf2 Bxd5 28. Rd2 Qxh3+ 29. Kg1 Bd4+ 30. Kf1 Qh1+ 31. Ke2 Qxg2+ 32. Ke1 Qg1+
33. Ke2 Qf2# 0-1

[Event "Campionatul National de sah clasic-2016"]
[Site "Calimanesti-Caciulata"]
[Date "2016.04.20"]
[Round "3.1"]
[White "Gavrilescu, David"]
[Black "Olariu, Luca-Stefan"]
[Result "1-0"]
[WhiteElo "2289"]
[BlackElo "1770"]
[PlyCount "54"]
[EventDate "2016.04.18"]
[EventRounds "9"]

1. d4 c5 2. d5 d6 3. e4 Nf6 4. Nc3 g6 5. Bb5+ Nbd7 6. a4 Bg7 7. Nf3 O-O 8. Nd2
Ne5 9. O-O e6 10. h3 exd5 11. exd5 a6 12. Be2 Re8 13. a5 b5 14. axb6 Qxb6 15.
Nb3 a5 16. Be3 Ba6 17. Ra4 Bxe2 18. Qxe2 Reb8 19. Bxc5 dxc5 20. Qxe5 Re8 21.
Qf4 Nh5 22. Qc4 Be5 23. Ne4 Nf4 24. Nbxc5 Rac8 25. b4 Qd8 26. d6 axb4 27. Ra7
Ne6 1-0

[Event "Campionatul National de sah clasic-2016"]
[Site "Calimanesti-Caciulata"]
[Date "2016.04.19"]
[Round "2.4"]
[White "Olariu, Luca-Stefan"]
[Black "Cotruta, Alexandru-Mihai"]
[Result "1-0"]
[WhiteElo "1770"]
[BlackElo "1886"]
[PlyCount "113"]
[EventDate "2016.04.18"]
[EventRounds "9"]

1. e4 c5 2. Nf3 e6 3. d4 cxd4 4. Nxd4 a6 5. c4 Qc7 6. Nc3 Nf6 7. Be3 d6 8. Be2
Nbd7 9. O-O b6 10. Qd2 Bb7 11. f3 Be7 12. Rfc1 O-O 13. Rab1 h5 14. b4 Rac8 15.
Na4 Qb8 16. c5 b5 17. c6 bxa4 18. b5 a5 19. cxd7 Rxc1+ 20. Qxc1 Bd8 21. Nc6 Qa8
22. Nxd8 Qxd8 23. Qd2 Qxd7 24. Qxa5 Ra8 25. Qb4 e5 26. Bf2 d5 27. exd5 Nxd5 28.
Qb2 a3 29. Qd2 Qf5 30. Bd3 Qf4 31. Qxf4 Nxf4 32. Bf1 Bd5 33. b6 Bxa2 34. b7 Rb8
35. Ba7 Rxb7 36. Rxb7 Bd5 37. Rb1 a2 38. Ra1 f5 39. Bb8 Ng6 40. Kf2 Kf7 41. Ke3
Ke6 42. Kd2 Ne7 43. f4 e4 44. Kc3 Nc6 45. Bc7 Kd7 46. Bb6 Ne7 47. Bc4 Kc6 48.
Bd4 e3 49. Bxd5+ Nxd5+ 50. Kd3 Kb5 51. Bxe3 Ka4 52. Rxa2+ Kb3 53. Ra7 Nb4+ 54.
Kd2 Nd5 55. Rxg7 Kc4 56. Rg5 Nf6 57. Rxf5 1-0

[Event "Campionatul National de sah clasic-2016"]
[Site "Calimanesti-Caciulata"]
[Date "2016.04.18"]
[Round "1.20"]
[White "Tapu, Rares-Gabriel"]
[Black "Olariu, Luca-Stefan"]
[Result "0-1"]
[WhiteElo "1184"]
[BlackElo "1770"]
[PlyCount "88"]
[EventDate "2016.04.18"]
[EventRounds "9"]

1. e4 c5 2. Nf3 Nc6 3. d4 cxd4 4. Nxd4 g6 5. c4 Nf6 6. Nc3 d6 7. Be3 Ng4 8.
Nxc6 bxc6 9. Qd3 Nxe3 10. Qxe3 Bg7 11. Be2 O-O 12. O-O Rb8 13. Rab1 Qb6 14.
Qxb6 Rxb6 15. Na4 Rb4 16. b3 c5 17. Nb2 Bxb2 18. Rxb2 a5 19. a3 Rb7 20. Rfb1
Be6 21. b4 axb4 22. axb4 cxb4 23. Rxb4 Rxb4 24. Rxb4 Ra8 25. f3 Ra2 26. Kf2 Kg7
27. h3 Kf6 28. f4 Bd7 29. Ke3 e5 30. fxe5+ Kxe5 31. Rb7 Ra3+ 32. Bd3 Be6 33.
Rb5+ Kf6 34. Kd4 Ra2 35. Rb6 Ke7 36. Rb7+ Kd8 37. c5 Ra4+ 38. Kc3 dxc5 39. Rb5
Ra3+ 40. Kc2 c4 41. Bf1 Re3 42. e5 Re1 43. Rb1 Bf5+ 44. Bd3 Bxd3+ 0-1

[Event "11th Internacional NNGG S12"]
[Site "?"]
[Date "2015.12.07"]
[Round "?"]
[White "Olariu, Luca-Stefan"]
[Black "Cubells Vazquez, Pablo"]
[Result "1-0"]
[WhiteElo "1566"]
[BlackElo "1826"]
[PlyCount "81"]
[EventDate "2015.??.??"]

1. e4 e5 2. d4 exd4 3. Qxd4 Nc6 4. Qe3 Bb4+ 5. Nc3 Qe7 6. Bd2 Bxc3 7. Bxc3 Nf6
8. O-O-O O-O 9. f3 d6 10. h4 a5 11. a3 Bd7 12. h5 Ne5 13. h6 g6 14. g4 b5 15.
g5 Ne8 16. f4 b4 17. fxe5 bxc3 18. exd6 cxb2+ 19. Kb1 cxd6 20. Nf3 Bc6 21. Bd3
d5 22. Be2 Qxe4 23. Qc3 Rc8 24. Rhe1 Qf4 25. Rd4 Qg3 26. Rg1 Qd6 27. Re1 Bd7
28. Qxa5 Nc7 29. Qb4 Qg3 30. Rg1 Qf2 31. Qe1 Qe3 32. Qd2 Qe7 33. Rd3 Ra8 34.
Qc3 Ne6 35. Re3 f6 36. Nd4 Rfc8 37. Qd3 Qc5 38. Nxe6 Bxe6 39. gxf6 Rxa3 40.
Rxg6+ Kf8 41. Qxa3 1-0

[Event "11th Internacional NNGG S12"]
[Site "?"]
[Date "2015.12.06"]
[Round "?"]
[White "Arjol Lopez, Daniel"]
[Black "Olariu, Luca-Stefan"]
[Result "0-1"]
[WhiteElo "1833"]
[BlackElo "1566"]
[PlyCount "90"]
[EventDate "2015.??.??"]

1. e4 c5 2. Nf3 Nc6 3. d4 cxd4 4. Nxd4 g6 5. Nc3 Bg7 6. Be3 Nf6 7. Bc4 O-O 8.
Bb3 d6 9. O-O Bd7 10. h3 Na5 11. f4 Nxb3 12. axb3 a6 13. Nf3 Bc6 14. e5 dxe5
15. Nxe5 Qc7 16. Nxc6 Qxc6 17. Qf3 Qxf3 18. Rxf3 Rfd8 19. Ra5 Rac8 20. Kf1 e6
21. b4 Nd5 22. Nxd5 exd5 23. Rf2 Bxb2 24. Rc5 d4 25. Bd2 Rxc5 26. bxc5 Rc8 27.
Bb4 Bc3 28. Ba3 Re8 29. Re2 Rxe2 30. Kxe2 Kg7 31. Kd3 Kf6 32. Ke4 Ke6 33. f5+
gxf5+ 34. Kf4 Bd2+ 35. Kf3 Kd5 36. Ke2 Bg5 37. Kd3 Bf6 38. Bb4 Bg5 39. Ba3 a5
40. g4 fxg4 41. hxg4 Bf6 42. Bc1 Kxc5 43. g5 Be5 44. Ke4 Bg7 45. Kd3 b5 0-1

[Event "XI Internacional NNGG S12"]
[Site "Benidorm (Alicante - SPAIN)"]
[Date "2015.12.06"]
[Round "3.3"]
[White "Olariu, Luca-Stefan"]
[Black "Mallol Descarrega, Aleix"]
[Result "1-0"]
[WhiteElo "1566"]
[BlackElo "1378"]
[PlyCount "35"]
[EventDate "2015.12.04"]
[EventRounds "7"]
[EventCountry "ESP"]

1. e4 e5 2. Nf3 Nc6 3. d4 exd4 4. Bc4 Nf6 5. Ng5 d5 6. exd5 b5 7. Bxb5 Qxd5 8.
Qe2+ Be7 9. O-O h6 10. Nxf7 Nd7 11. Bxc6 Qxc6 12. Nxh8 Ba6 13. Qh5+ Kd8 14. Re1
Qxc2 15. Qf7 Qc5 16. Ng6 Kc8 17. Qxe7 Qa5 18. Bd2 1-0

[Event "XI Internacional NNGG S12"]
[Site "Benidorm (Alicante - SPAIN)"]
[Date "2015.12.05"]
[Round "2.4"]
[White "Izquierdo Carbellido, Pablo"]
[Black "Olariu, Luca-Stefan"]
[Result "0-1"]
[WhiteElo "1422"]
[BlackElo "1566"]
[PlyCount "118"]
[EventDate "2015.12.04"]
[EventRounds "7"]
[EventCountry "ESP"]

1. d4 d5 2. c4 e6 3. Nc3 c5 4. dxc5 d4 5. Ne4 Na6 6. Nd6+ Bxd6 7. cxd6 Qxd6 8.
e3 Qb4+ 9. Qd2 dxe3 10. fxe3 Nf6 11. Bd3 Qxd2+ 12. Bxd2 Nc5 13. Bc2 a5 14.
O-O-O Nfe4 15. Be1 Bd7 16. Ne2 Nf6 17. Rf1 Ng4 18. Bd2 Bc6 19. h3 Ne5 20. b3
Bxg2 21. Rg1 Bf3 22. Nd4 Bxd1 23. Kxd1 Ng6 24. Bc3 e5 25. Nf5 Rg8 26. Ke2 b6
27. Nd6+ Ke7 28. Nf5+ Ke6 29. h4 f6 30. h5 Ne7 31. Nxe7 Kxe7 32. Bxh7 Rgf8 33.
Rxg7+ Rf7 34. Rxf7+ Kxf7 35. Bg6+ Kg7 36. Bd2 Ne6 37. Be4 Rh8 38. Bf3 f5 39.
Bc3 Kf6 40. Be1 Ng5 41. Bh4 e4 42. Bg2 Rxh5 43. Bg3 Ne6 44. Kf2 Nc5 45. Bc7 Nd7
46. Kg3 Rh8 47. c5 bxc5 48. Bxa5 Ra8 49. Bc3+ Ke6 50. Kf4 Rxa2 51. Bh3 Rf2+ 52.
Kg3 Rf3+ 53. Kg2 Rxe3 54. Bd2 Rxb3 55. Be1 c4 56. Kh2 Ne5 57. Bg2 Nf3+ 58. Bxf3
Rxf3 59. Kg2 c3 0-1

[Event "XI Internacional NNGG S12"]
[Site "Benidorm (Alicante - SPAIN)"]
[Date "2015.12.04"]
[Round "1.5"]
[White "Olariu, Luca-Stefan"]
[Black "Mila Hernandez, Lorena"]
[Result "1-0"]
[WhiteElo "1566"]
[BlackElo "1246"]
[PlyCount "108"]
[EventDate "2015.12.04"]
[EventRounds "7"]
[EventCountry "ESP"]

1. e4 d5 2. exd5 Nf6 3. Bb5+ Bd7 4. Bc4 c6 5. dxc6 Nxc6 6. Nf3 Bg4 7. O-O e6 8.
h3 Bh5 9. Nc3 Be7 10. Be2 O-O 11. d3 Qb6 12. Rb1 Rfd8 13. Be3 Qc7 14. Nd2 Bg6
15. Nf3 e5 16. Nh4 Be4 17. Nxe4 Nxe4 18. Nf5 Bf8 19. Bf3 Nf6 20. Bg5 Be7 21.
Nxe7+ Qxe7 22. Bxc6 bxc6 23. Qf3 Rd6 24. Rfe1 Re8 25. Re2 h6 26. Bd2 Qe6 27. b3
Nd5 28. Rbe1 Nb6 29. Bc3 Nd7 30. d4 f6 31. dxe5 fxe5 32. Qg3 Rd5 33. f4 Qd6 34.
fxe5 Qe6 35. Qg4 Qxg4 36. hxg4 Re6 37. Re4 Rc5 38. R4e3 Nb6 39. Ba1 Rxc2 40.
R3e2 Rc5 41. Bd4 Rd5 42. Bc3 Rd3 43. Bb4 Rg3 44. Re4 Rd3 45. Bd6 Nc8 46. Bc5
Rd5 47. b4 Nb6 48. Bd6 Nc8 49. Bc5 Nb6 50. Bxb6 axb6 51. Kf2 Rd2+ 52. R4e2 Rd3
53. Re3 Rd4 54. Re4 Rd3 {...} 1-0

[Event "European Union Youth Championship - U12"]
[Site "Kouty nad Desnou, hotel DS"]
[Date "2015.08.26"]
[Round "8.7"]
[White "Redzisz, Michal"]
[Black "Olariu, Luca-Stefan"]
[Result "1-0"]
[WhiteElo "1476"]
[BlackElo "1565"]
[PlyCount "61"]
[EventDate "2015.08.19"]
[EventRounds "9"]
[EventCountry "CZE"]

1. e4 e5 2. Nf3 Nc6 3. Bc4 Bc5 4. O-O Nf6 5. d4 Bxd4 6. Nxd4 Nxd4 7. f4 d6 8.
fxe5 dxe5 9. Bg5 Bd7 10. Na3 h6 11. Bxf6 gxf6 12. c3 Ne6 13. Qf3 Nf4 14. Nc2
Rg8 15. Ne3 Qe7 16. Kh1 Rg6 17. g3 Ne6 18. Nd5 Ng5 19. Nxe7 Nxf3 20. Nxg6 Nd2
21. Nh4 Nxf1 22. Rxf1 Ke7 23. Nf5+ Bxf5 24. Rxf5 Rd8 25. Kg2 Rd1 26. Rf2 a6 27.
Kf3 b5 28. Bb3 Re1 29. Re2 Rf1+ 30. Kg4 c5 31. Bd5 1-0

[Event "European Union Youth Championship - U12"]
[Site "Kouty nad Desnou, hotel DS"]
[Date "2015.08.25"]
[Round "7.6"]
[White "Mica Marek (CZE)"]
[Black "Olariu, Luca-Stefan"]
[Result "1-0"]
[WhiteElo "1795"]
[BlackElo "1565"]
[PlyCount "97"]
[EventDate "2015.08.19"]
[EventRounds "9"]
[EventCountry "CZE"]

1. d4 d6 2. c4 e5 3. d5 Bf5 4. Nc3 e4 5. g3 Nf6 6. Bg5 h6 7. Bxf6 Qxf6 8. Bg2
Qe7 9. Qb3 b6 10. e3 Nd7 11. Qb5 Qe5 12. Nge2 Be7 13. h3 O-O 14. g4 a6 15. Qc6
Nc5 16. gxf5 Nd3+ 17. Kd2 Nxf2 18. Rhf1 Bh4 19. Kc2 Qh2 20. Rg1 Nd3 21. a3 Bf2
22. Bxe4 Bxg1 23. Rxg1 Nc5 24. Bd3 Rac8 25. f6 g6 26. Bf5 Rce8 27. Qxc7 g5 28.
b4 Ne4 29. Bxe4 Rxe4 30. Kd3 Re5 31. e4 Ree8 32. Qxb6 Qxh3+ 33. Rg3 Qd7 34. Qe3
Kh7 35. c5 dxc5 36. bxc5 Rc8 37. Qd4 Rfe8 38. d6 Qc6 39. Kc4 Red8 40. e5 Rd7
41. Qe4+ Qxe4+ 42. Nxe4 Rb7 43. Kd5 Rb1 44. Rd3 Rb7 45. c6 Rb5+ 46. Nc5 Kg6 47.
d7 Rd8 48. Kd6 Rb6 49. Ke7 1-0

[Event "European Union Youth Championship - U12"]
[Site "Kouty nad Desnou, hotel DS"]
[Date "2015.08.24"]
[Round "6.7"]
[White "Olariu, Luca-Stefan"]
[Black "Sabiani, Chjara"]
[Result "1/2-1/2"]
[WhiteElo "1565"]
[BlackElo "1660"]
[PlyCount "72"]
[EventDate "2015.08.19"]
[EventRounds "9"]
[EventCountry "CZE"]

1. d4 Nf6 2. Nc3 d5 3. Nf3 Bf5 4. Bf4 e6 5. e3 a6 6. Bd3 Bg6 7. O-O Be7 8. Qe2
O-O 9. Bxg6 hxg6 10. e4 Bb4 11. e5 Bxc3 12. bxc3 Ne4 13. Qe3 c5 14. Ne1 cxd4
15. cxd4 Qc7 16. c4 g5 17. Bxg5 Nxg5 18. Qxg5 Qxc4 19. Nf3 Nc6 20. Qh4 Rfc8 21.
Ng5 Qc2 22. Qh5 Rc7 23. Rac1 Qf5 24. g4 Qg6 25. Qxg6 fxg6 26. Rfd1 Re8 27. Rc3
Kf8 28. Rf3+ Ke7 29. Rf7+ Kd8 30. Rxc7 Kxc7 31. Kf1 Kd7 32. Ke2 Rc8 33. a3 Na5
34. Rb1 Rc2+ 35. Ke1 Ra2 36. Rb6 Rxa3 1/2-1/2

[Event "European Union Youth Championship - U12"]
[Site "Kouty nad Desnou, hotel DS"]
[Date "2015.08.23"]
[Round "5.7"]
[White "Olariu, Luca-Stefan"]
[Black "Juhasz, Judit"]
[Result "1-0"]
[WhiteElo "1565"]
[BlackElo "1733"]
[PlyCount "89"]
[EventDate "2015.08.19"]
[EventRounds "9"]
[EventCountry "CZE"]

1. d4 d5 2. c4 e6 3. Nf3 Nf6 4. g3 Bb4+ 5. Bd2 Be7 6. Bg2 O-O 7. O-O c5 8. cxd5
exd5 9. dxc5 Bxc5 10. Bg5 h6 11. Bf4 Nc6 12. Nbd2 Be6 13. Nb3 Bb6 14. Nbd4 a6
15. Rc1 Rc8 16. Qd3 Na5 17. Rxc8 Qxc8 18. Rc1 Qd8 19. Ne5 Qe7 20. Nxe6 Qxe6 21.
b4 Nc4 22. Nxc4 dxc4 23. Qxc4 Qd7 24. Qc3 Re8 25. e3 Nh5 26. Be5 f6 27. Bd4
Bxd4 28. Qxd4 Qxd4 29. exd4 b6 30. Bf3 g6 31. Bxh5 gxh5 32. Rc6 Rd8 33. Rxb6
Rxd4 34. a3 a5 35. bxa5 Ra4 36. Rxf6 Kg7 37. Ra6 Rxa3 38. Ra8 Kh7 39. Kg2 Kg7
40. Kh3 Ra4 41. a6 Kf7 42. a7 Kg7 43. f4 Kh7 44. f5 Ra6 45. f6 1-0